000 00694nam a22002177a 4500
999 _c7001
_d7001
001 7001
003 BD-JhCC
005 20180329181437.0
008 180203b xxu||||| |||| 00| 0 eng d
035 _a(BD-JhCC)7001
040 _aBD-JhCC
_dBD-JhCC
041 _aeng
082 _a954.9205
_bUDD 2005
100 _aউদ্দীন, তাহের
245 _aআমাদের সাংস্কৃতিক আন্দোলন ও মুক্তিযুদ্ধ /
_cতাহের উদ্দীন
260 _aঢাকা :
_bআগামী প্রকাশনী,
_c2005.
300 _a63 p. :
_c21 cm.
650 _aBangladesh
942 _2ddc
_cBK